Every European Flag - Sudden Death - Statistics

General Stats
  • This quiz has been taken 373,897 times
    373,889 since last reset
  • The average score is 23 of 45
Answers on the Grid
Answers color-coded by a green-red scale on the quiz's grid according to % correct below.
 
Answer Stats
Answer % Correct
Iceland
89%
Serbia
81%
Russia
74%
Malta
73%
Ukraine
73%
Kosovo
65%
France
64%
United Kingdom
63%
Romania
61%
Norway
59%
Latvia
54%
Finland
54%
Germany
54%
Sweden
54%
Switzerland
54%
Netherlands
53%
Slovakia
52%
Greece
51%
Denmark
50%
Spain
50%
Monaco
49%
Poland
49%
Luxembourg
49%
Czech Republic
48%
Croatia
48%
San Marino
47%
Portugal
47%
Bulgaria
46%
Austria
46%
Vatican City
46%
Italy
45%
Liechtenstein
45%
North Macedonia
45%
Belgium
45%
Slovenia
44%
Estonia
44%
Hungary
43%
Bosnia and Herzegovina
43%
Albania
43%
Andorra
42%
Moldova
41%
Lithuania
39%
Belarus
36%
Montenegro
36%
Ireland
32%
No matching quizzes found
Score Distribution
Percent of People with Each Score
Percentile by Number Answered
Your Score History
You have not taken this quiz since the last reset